| 000 | 00367nam a2200145Ia 4500 | ||
|---|---|---|---|
| 008 | 220831s9999||||xx |||||||||||||| ||und|| | ||
| 020 | _a9789354531309 | ||
| 082 |
_a650 _bDWI/M |
||
| 100 | _aDwivedi, D. N. | ||
| 245 | 0 | _aManagerial Economics: 9th Edition | |
| 250 | _a9th | ||
| 260 |
_aNoida _bVikas Publishing House Pvt. Ltd. _c2022 |
||
| 300 | _a727 | ||
| 942 | _cPB | ||
| 999 |
_c38184 _d38184 |
||